Obervatorio UNAM-UNESCO del campus virtual (Record no. 213041)
[ view plain ]
| 000 -CABECERA | |
|---|---|
| campo de control de longitud fija | 00518nam a22001817a 4500 |
| 003 - IDENTIFICADOR DEL NÚMERO DE CONTROL | |
| campo de control | MX-MxUPN |
| 005 - FECHA Y HORA DE LA ÚLTIMA TRANSACCIÓN | |
| campo de control | 20250402155839.0 |
| 008 - ELEMENTOS DE LONGITUD FIJA--INFORMACIÓN GENERAL | |
| campo de control de longitud fija | 250402s2001 mx| |||fr|||| 000 0 spa d |
| 040 ## - FUENTE DE LA CATALOGACIÓN | |
| Centro catalogador/agencia de origen | MX-MxUPN |
| Lengua de catalogación | spa |
| 041 0# - CÓDIGO DE IDIOMA | |
| Código de lengua del texto/banda sonora o título independiente | spa |
| 050 ## - SIGNATURA TOPOGRÁFICA DE LA BIBLIOTECA DEL CONGRESO | |
| Número de clasificación | LC5808 A44 |
| Número de documento/Ítem | O27 2001 |
| 245 00 - MENCIÓN DE TÍTULO | |
| Título | Obervatorio UNAM-UNESCO del campus virtual |
| 260 ## - PUBLICACIÓN, DISTRIBUCIÓN, ETC. | |
| Lugar de publicación, distribución, etc. | [México] : |
| Nombre del editor, distribuidor, etc. | UNAM : |
| -- | UNESCO, |
| Fecha de publicación, distribución, etc. | 2001 |
| 300 ## - DESCRIPCIÓN FÍSICA | |
| Extensión | 21 páginas |
| 650 #4 - ASIENTO SECUNDARIO DE MATERIA - TERMINO TEMATICO | |
| Término de materia o nombre geográfico como elemento de entrada | Educación a distancia |
| Subdivisión geográfica | América Latina |
| 9 (RLIN) | 4171 |
| 902 ## - ELEMENTOS DE DATOS B LOCAL, LDB (RLIN) | |
| Modificó | VíctorGodínez/020425 |
| 942 ## - ELEMENTOS DE PUNTO DE ACCESO ADICIONAL (KOHA) | |
| Fuente del sistema de clasificación o colocación | Library of Congress Classification |
| Tipo de ítem Koha | Folleto |
| Estado de retiro | Estado de pérdida | Fuente del sistema de clasificación o colocación | Estado dañado | No para préstamo | Código de colección | Localización permanente | Ubicación/localización actual | Ubicación en estantería | Fecha de adquisición | Total de préstamos | Clasificación | Código de barras | Fecha visto por última vez | Precio válido a partir de | Tipo de ítem Koha |
|---|---|---|---|---|---|---|---|---|---|---|---|---|---|---|---|
| Library of Congress Classification | Disponible (Préstamo en sala) | UNESCO | Bib. Gregorio Torres Quintero | Bib. Gregorio Torres Quintero | Colecciones especiales Planta alta | 02/04/2025 | LC5808 A44 O27 2001 | U14746 | 02/04/2025 | 02/04/2025 | Folleto |
